ბათუმის შოთა რუსთაველის სახელმწიფო უნივერსიტეტის ბიბლიოთეკა

უნივერსიტეტის სტრატეგიული განვითარების,დაგეგმვისა და ინსტიტუციური კვლევის ერთეული დანიშნულება და მნიშვნელობა / (ბიბ.ჩანაწერი № 53491)

000 -ლიდერი
ფიქსირებული სიგრძის საკონტროლო ველი 02544nam a2200241Ia 4500
001 - საკონტროლო ნომერი
საკონტროლო ველი 20537
003 - საკონტროლო ნომრის იდენტიფიკატორი
საკონტროლო ველი GE_BSU
005 - ბოლო ოპერაციის თარიღი და დრო
საკონტროლო ველი 20210117235615.0
008 - ფიქსირებული სიგრძის მონაცემთა ელემენტები - ზოგადი ინფორმაცია
ფიქსირებული სიგრძის საკონტროლო ველი 181216s2015||||ge |||||||||||||| ||geo||
040 ## - კატალოგიზაციის წყარო
Transcribing agency GE_BSU
041 ## - ენის კოდი
Language code of text/sound track or separate title geo
080 ## - უნივერსალური ათობითი კლასიფიკაციის ინდექსი
Universal Decimal Classification number 378 უ-47
245 ## - ცნობა სათაურის შესახებ
Title უნივერსიტეტის სტრატეგიული განვითარების,დაგეგმვისა და ინსტიტუციური კვლევის ერთეული დანიშნულება და მნიშვნელობა /
Statement of responsibility, etc პროექტის დირექტორი : მანანა მიქაბერიძე ; კოორდიანატორი დიანა ლეჟავა და სხვ.
Medium
250 ## - გამოცემის ცნობა
Edition statement სოციალურ მეცნიერებათა ცენტრი
264 ## - წარმოების, გამოცემის, დისტრიბუციის და სხვა ცნობები
გამოცემის, წარმოების, დისტრიბუციის... ადგილი თბილისი :
გამოცემის, წარმოების, დისტრიბუციის... სახელწოდება სოციალურ მეცნიერებათა ცენტრი,
გამოცემის, წარმოების, დისტრიბუციის... თარიღი 2015.
300 ## - ფიზიკური აღწერა
Extent 44 გვ. ;
Dimensions 20 სმ.
520 ## - SUMMARY, ETC.
Summary, etc ს პუბლიკაცია მომზადებულია სოციალურ მეცნიერებათა ცენტრის პროექტის, თბილისის სახელმწიფო უნივერსიტეტის მენეჯმენტის ერთიანი საინფორმაციო ჩარჩოს მომზადება და სტრატეგიული განვითარების დეპარტამენტის დაფუძნების ხელშეწყობა, ფონდი ,,ღია საზოგადოება-საქართველო"-ს მხარდაჭერით, უმაღლესი განათლების პროგრამის ფარგლებში
653 ## - INDEX TERM--UNCONTROLLED
Uncontrolled term უმაღლესი განათლება
653 ## - INDEX TERM--UNCONTROLLED
Uncontrolled term უნივერსიტეტის სტრატეგიული განვითარების, დაგეგმვისა და ინსტიტუციური კვლევის ერთეული დანიშნულება და მნიშვნელობა
700 ## - ADDED ENTRY--PERSONAL NAME
Personal name მიქაბერიძე, მანანა
Relator term პროექტის დირექტორი
9 (RLIN) 10054
700 ## - ADDED ENTRY--PERSONAL NAME
Personal name ლეჟავა, დიანა
Relator term კოორდიანატორი
9 (RLIN) 10055
942 ## - ADDED ENTRY ELEMENTS (KOHA)
Koha item type წიგნი
Source of classification or shelving scheme
ეგზემპლარები
ჩამოწერის სტატუსი დაკარგული ეგზემპლარის სტატუსი კლასიფიკაციის წყარო ან თაროზე გაწყობის სქემა დაზიანების სტატუსი არ გაიცემა მუდმივი მდებარეობა (დაცვის ადგილი) ამჟამინდელი ადგილსამყოფელი თაროზე განთავსების ადგილი შეძენის თარიღი სრული შენახვის შიფრი შტრიხკოდი ბოლო ოპერაციის თარიღი ეგზემპლარის მიმდევრობითი ნომერი (კეტერი?) ფასის ძალაში შესვლის თარიღი ეგზემპლარის სახეობა
          ბათუმის შოთა რუსთაველის სახელმწიფო უნივერსიტეტის მთავარი ბიბლიოთეკა ბათუმის შოთა რუსთაველის სახელმწიფო უნივერსიტეტის მთავარი ბიბლიოთეკა წიგნსაცავი 2018-12-17 378 უ-47 53562 2018-12-17 53562 2018-12-17 წიგნი